000 01174nmm a2200361 a 4500
001 ocm000965000
003 TR-IsHL
005 20201028150845.0
008 150110s2014 tu tur
007 cr cn
020 _a9786053960386
035 _a965000
_b(N$T)
050 0 4 _aDR431
_b.B37 2014
090 0 4 _aDR431
_b.B37 2014
100 1 _aBaşgelen, Nezih
245 1 0 _aToprağın altından kağıdın üzerine arkeoloji: sunulardan seçmelerle
_h[electronic resource] /
_cNezih Başgelen
250 _a4.bs.
260 _aİstanbul :
_bArkeoloji ve Sanat Yayınları,
_c2014
300 _a344 p.
650 4 _aTarih
650 4 _aHistory
650 0 _aArchaeology
650 0 _aArchaeology
_xTurkey
650 0 _aArkeoloji
_xTürkiye
650 0 _aArchaeology
_xTurkey
_xHistory
650 0 _aArkeoloji
_xTürkiye
_xTarih
650 0 _aExcavations (Archaeology)
_xTurkey
650 0 _aKazılar(Arkeoloji)
_xTürkiye
650 0 _aTurkey
_xAntiquities
650 0 _aTürkiye
_xEski eserler
650 7 _aSOCIAL SCIENCE / Archaeology
_2bisacsh
856 4 0 _uhttp://search.ebscohost.com/login.aspx?direct=true&scope=site&db=e011xww&AN=965000
999 _c10698
_d10698